000
00292nam a22001337a 4500
008
171011b xxu||||| |||| 00| 0 eng d
020
_a
0534629830
041
_a
eng
080
_2
2nd
_a
316
100
_a
50
101
_a
SOC
245
_a
JUVENILE DELINQUENCY
_c
SIEGEL.L.J
942
_2
udc
_c
BK
999
_c
33035
_d
33035